Kader SC Freiburg 2024/25 - Statistiken

Allgemein
  • Dieses Quiz wurde 103 mal gespielt
  • Das Durchschnittsergebnis liegt bei 19 aus 29
Antwortstatistiken
Rückennummer Name % Korrekt
1 Noah Atubolu
92%
30 Christian Günter
91%
21 Florian Müller
91%
28 Matthias Ginter
91%
32 Vincenzo Grifo
89%
9 Lucas Höler
86%
3 Philipp Lienhart
84%
42 Ritsu Doan
84%
27 Nicolas Höfler
82%
17 Lukas Kübler
81%
20 Junior Adamu
77%
8 Maximilian Eggestein
77%
38 Michael Gregoritsch
77%
6 Patrick Osterhage
75%
34 Merlin Röhl
72%
37 Max Rosenfelder
71%
33 Jordy Makengo
63%
18 Eren Dinkci
59%
25 Kiliann Sildillia
57%
5 Manuel Gulde
57%
43 Bruno Ogbus
51%
26 Maximilian Philipp
48%
4 Kenneth Schmidt
47%
22 Roland Sallai
47%
24 Jannik Huth
46%
7 Noah Weishaupt
43%
23 Florent Muslija
34%
44 Johan Manzambi
33%
11 Daniel Kofi Kyereh
32%
Keine übereinstimmenden Quizze gefunden
Verteilung der Resultate
Anzahl Personen mit jedem Resultat
Perzentil nach korrekt beantworteten Fragen
Ihre Resultats-Entwicklung
Sie haben dieses Quiz noch nicht gespielt